Central Library OPAC University of Rajshahi

বাংলাদেশের নারী শিক্ষার প্রসার : (Record no. 80029)

MARC details
000 -LEADER
fixed length control field 01774nam a2200277 a 4500
001 - CONTROL NUMBER
RUCL Control Number 80029
003 - CONTROL NUMBER IDENTIFIER
rucl marc code BD-RjUL
005 - DATE AND TIME OF LATEST TRANSACTION
control field 20230131140535.0
008 - FIXED-LENGTH DATA ELEMENTS--GENERAL INFORMATION
fixed length control field 220623s2008 bg a|||| m||| 00| 0 ben d
035 ## - SYSTEM CONTROL NUMBER
system control number (BD-RjUL)80029
040 ## - CATALOGING SOURCE
Original cataloging agency BD-RjUL
Language of cataloging ben/eng
Transcribing agency BD-RjUL
Modifying agency BD-RjUL
041 ## - LANGUAGE CODE
Language code of Book ben
082 ## - DEWEY DECIMAL CLASSIFICATION NUMBER
DDC Edition number 23
Classification number 305.42095492
Author mark and Year BEB 2008
100 ## - MAIN ENTRY--PERSONAL NAME
Personal name বেগম, মোসা. নূরজাহান
9 (RLIN) 3844
245 10 - TITLE STATEMENT
Title বাংলাদেশের নারী শিক্ষার প্রসার :
Remainder of title প্রসঙ্গ উপবৃত্তি কার্যক্রম, ১৯৯৪-২০০৬ /
Statement of responsibility, etc মোসা. নূরজাহান বেগম ;
Name of Supervisor/Co-Supervisor গবেষণা তত্ত্বাবধায়ক : এ. এফ. এম.শামসুর রহমান
260 ## - PUBLICATION, DISTRIBUTION, ETC. (IMPRINT)
Place of publication, distribution, etc রাজশাহী :
Name of publisher, distributor, etc ইতিহাস বিভাগ, রাজশাহী বিশ্ববিদ্যালয়,
Date of publication, distribution, etc ২০০৮
300 ## - PHYSICAL DESCRIPTION
Pagination xvi, ২৪৮ পাতা :
Other physical details চিত্র ;
Dimensions ২৯ সেমি.
502 ## - DISSERTATION NOTE
Dissertation note থিসিস (পিএইচ. ডি.) -- ইতিহাস বিভাগ, রাজশাহী বিশ্ববিদ্যালয়,২০০৮
504 ## - BIBLIOGRAPHY, ETC. NOTE
Bibliography, etc গ্রন্থপঞ্জি : পাতা ২২৮-২৩৭
650 ## - SUBJECT ADDED ENTRY--TOPICAL TERM
Topical term or geographic name as entry element নারী
General subdivision শিক্ষা
Geographic subdivision বাংলাদেশ
Chronological subdivision ১৯৯৪-২০০৬ খ্রিষ্টাব্দ
9 (RLIN) 3845
Topical term or geographic name as entry element Women
General subdivision Education
Geographic subdivision Bangladesh
Chronological subdivision 1994-2006 A. D
9 (RLIN) 3846
Topical term or geographic name as entry element উপবৃত্তি
Geographic subdivision বাংলাদেশ
9 (RLIN) 3847
Topical term or geographic name as entry element Stipend
Geographic subdivision Bangladesh
9 (RLIN) 3848
700 ## - ADDED ENTRY--SUPERVISOR/CO-SUPERVISOR NAME
Personal name রহমান, এ. এফ. এম.শামসুর, গবেষণা তত্ত্বাবধায়ক
9 (RLIN) 3849
942 ## - ADDED ENTRY ELEMENTS (KOHA)
Source of classification or shelving scheme Dewey Decimal Classification
Koha item type Theses
Holdings
Source of classification or shelving scheme Damaged status Not for loan Collection code Permanent Location Current Location Shelving location Date of accession Source of acquisition Full call number Barcode Date last seen Copy number Thesis
Dewey Decimal Classification   Not For Loan Theses Central Library, University of Rajshahi Central Library, University of Rajshahi Documentation Section 16/08/2009 Controller of Exam. R.U. BTHE 305.42095492 BEB 2008 D3022 23/06/2022 C-1 Theses